LEADER 01460nam a2200217 i 4500 001 000000144779 003 CaOOAMICUS 005 20051109000000.0 008 051109s1914 it u000 u ita u 013 $a120137 040 $aSeMil$bita 245 12$aA ricordo ed onoranza di Giulio Tarra, padre benefico e maestro insigne dei sordomuti, sacerdote esemplare, educatore grande, vero filantropo, patriota illustre, e scelta crestomazia delle sue opere /$cper cura del cav. prof. Giuseppe Soldatini. 260 $aMilano :$bMessaggi,$c1914. 300 $aL, 322 p. :$b[1] ritr. :$bill. ;$c26 cm. 500 $aIn testa al front. : 10 giugno 1889 - 10 giugno 1914. - In mezzo al front. : Dedica autogr. dell'editore al Cardinale Andrea Carlo Ferrari. - In all. : Giulio Tarra / Dono del Comune di Milano agli alunni delle scuole elementari nel 25° anniversario della morte del grande educatore. 650 4$aTarra, Giulio .$0(OLS)http://semarc/subject/28344 700 1 $aSoldatini, Giuseppe.$0(OLS)http://semarc/name/57817 850 $aSeMil 852 $aSeMil$W1$xVenegono$y1$m2R V 45$j222398$B97630$CSeMilBibl$Z2$F105479 $81 996 $6245$aA ricordo ed onoranza di Giulio Tarra, padre benefico e maestro insigne dei sordomuti, sacerdote esemplare, educatore grande, vero filantropo, patriota illustre, e scelta crestomazia delle sue opere$9(OLS)http://semarc/title/211725 996 $6260$aMilano :$bMessaggi$9(OLS)http://semarc/publisher/47650 LEADER 01122nas a2200229 i 4500 001 000000162657 003 CaOOAMICUS 005 20070716000000.0 008 070703b2006 it uu u0 0ita r 013 $a140021 040 $aSeMil$bita 245 10$a2006. 260 $aFirenze :$bSocietà Italiana di Antropologia e Etnologia,$c2006 (stampa 2007) 300 $a346 p. :$bill., grafici, tabelle ;$c24 cm. 500 $aArticoli con sintesi in italiano [Riassunto], in inglese [Summary] o in francese [Résumé] in testa. - Contiene : Rendiconti della Società Italiana di Antropologia e Etnologia [febbraio-novembre 2006]. 773 0 $tArchivio per l'Antropologia e l'Etnologia.$dFirenze : La Nuova Italia $x0373-3009$w()1910 774 0 $t[vedi periodico].$w()266823 850 $aSeMil 852 $aSeMil$W1$xVenegono$y1$m95 5 39$j113988$B113988$CSeMilBibl$Z2$F125227 $85 961 $aAbbonamento: Società Italiana di Antropologia e Etnologia 996 $6245$a2006$9(OLS)http://semarc/title/140579 996 $6260$aFirenze :$bSocietà Italiana di Antropologia e Etnologia$9(OLS)http://semarc/publisher/47351